Zákonný postup pri výplate mzdy
Spôsob vyplácania miezd. Pravidlá zákonného vyplácania mzdy podľa zákona č.1/1992 Zb. o mzde, odmene za pracovnú pohotovosť a o priemernom zárobku. Výplata na účet. Výhody a nevýhody bezhotovostnej výplaty mzdy.
Gespeichert in:
| 1. Verfasser: | |
|---|---|
| Format: | Buchkapitel |
| Sprache: | Slowakisch |
| Schlagworte: | |
| Tags: |
Keine Tags, Fügen Sie das erste Tag hinzu!
|
MARC
| LEADER | 00000naa a2200000 4500 | ||
|---|---|---|---|
| 001 | r022397 | ||
| 005 | 20230912103554.8 | ||
| 041 | 0 | |a slo | |
| 044 | |a SK | ||
| 245 | 1 | 0 | |a Zákonný postup pri výplate mzdy |c J. Vrábeľ |
| 520 | |a Spôsob vyplácania miezd. Pravidlá zákonného vyplácania mzdy podľa zákona č.1/1992 Zb. o mzde, odmene za pracovnú pohotovosť a o priemernom zárobku. Výplata na účet. Výhody a nevýhody bezhotovostnej výplaty mzdy. | ||
| 610 | 2 | 0 | |a mzdy |
| 610 | 2 | 0 | |a odmeny |
| 610 | 2 | 0 | |a právo pracovné |
| 610 | 2 | 0 | |a zákony |
| 610 | 2 | 0 | |a Slovensko |
| 610 | 2 | 0 | |a 1992 |
| 100 | 1 | |a Vrábeľ, J. | |